000 00336 a2200145 4500
001 155099
040 _cEscola São Tomás de Aquino
100 _aANDERSON, Neil J.
240 1 0 _aActive skills for reading
_lpor
245 1 0 _aActive skills for reading
300 _a170
362 0 _a2002
697 _aLíngua inglesa
942 _cBK
999 _c155099
_d155099